Oost-Timor Trivia Quiz - Statistieken

Algemene statistieken
  • Deze quiz is 252 keer genomen
  • De gemiddelde score is 9 van 15
Antwoordstatistieken
Hint Antwoord % Correct
Land dat in 1975 Oost-Timor annexeerde Indonesië
95%
Oost-Timor was een kolonie van dit land van 1700 tot 1975 Portugal
81%
Hoofdstad Dili
76%
Officiële talen Portugees
75%
Bonen die ongeveer 22% van de totale export uitmaken Koffie
71%
Officiële naam van Oost-Timor volgens de Verenigde Naties Timor-{Leste}
71%
Enig ander overwegend katholiek land in Azië Filipijnen
69%
Eerste land dat de annexatie erkende, maar in 2004 ook werd betrapt op het bespioneren van Oost-Timor Australië
61%
Dit is verantwoordelijk voor bijna de helft van de totale export van het land Olie
60%
Noem een van de drie belangrijkste zeeën die aan Oost-Timor grenzen Banda | Savoe | Timor
59%
Munteenheid van Oost-Timor Amerikaanse dollar
55%
Het woord "Timor" komt van het Maleise woord "timur". Wat betekent het? Oost
51%
Volgens de Oost-Timorese scheppingsmythe is het eiland Timor gemaakt van het lichaam van dit reptiel Krokodil
49%
Officiële talen Tetun
29%
Het eiland Timor maakt deel uit van deze archipel Kleine {Soenda}-eilanden
24%
Geen overeenkomende quizzen gevonden
Scoreverdeling
Procent van Mensen met Elke Score
Percentiel versus Aantal Correcte Antwoorden
Uw Scoregeschiedenis
U heeft deze quiz nog niet genomen